[Event "FICS rated blitz game"]
[Site "FICS freechess.org"]
[Date "2018.01.28"]
[Round "?"]
[White "willowblackwill"]
[Black "anzali"]
[Result "0-1"]
[WhiteElo "1299"]
[BlackElo "1258"]
[PlyCount "114"]
[EventDate "2018.??.??"]
[EventType "blitz"]

1. e4 e5 2. Nf3 Nc6 3. c3 Bc5 4. Qc2 d6 5. a3 a6 6. b4 Bb6 7. Bb2 Bg4 8. Be2
Nge7 9. h3 Bh5 10. g4 Bg6 11. h4 h6 12. h5 Bh7 13. d4 exd4 14. cxd4 O-O 15. Bd3
Nc8 16. d5 Nb8 17. Qc3 f6 18. Nbd2 Re8 19. O-O-O Nd7 20. Nh4 Ne5 21. f4 Nxd3+
22. Qxd3 Qe7 23. f5 Na7 24. a4 Nc8 25. Ng6 Qd7 26. a5 Ba7 27. Rhe1 Bxg6 28.
hxg6 b6 29. Nc4 c6 30. axb6 Nxb6 31. Nxb6 Bxb6 32. dxc6 Qxc6+ 33. Kd2 Rad8 34.
Ke2 Qxe4+ 35. Qxe4 Rxe4+ 36. Kf3 Rxe1 37. Rxe1 d5 38. Rd1 Kf8 39. Ba3 Ke8 40.
Rd3 d4 41. Ke4 Kd7 42. Bb2 Kc6 43. Bxd4 Bxd4 44. Rxd4 Rxd4+ 45. Kxd4 Kb5 46.
Kc3 Kb6 47. Kc4 Kc6 48. Kd4 Kb5 49. Kd5 Kxb4 50. Ke6 a5 51. Kf7 a4 52. Kxg7 a3
53. Kxf6 a2 54. g7 a1=Q+ 55. Kg6 Qa6+ 56. Kh7 Qb7 57. f6 Qf7 0-1

[Event "FICS rated blitz game"]
[Site "FICS freechess.org"]
[Date "2018.01.28"]
[Round "?"]
[White "ChrisVermaak"]
[Black "aashuashuthosh"]
[Result "1-0"]
[WhiteElo "1166"]
[BlackElo "1074"]
[PlyCount "59"]
[EventDate "2018.??.??"]
[EventType "blitz"]

1. e4 e5 2. Nf3 Nc6 3. c3 h6 4. d4 exd4 5. cxd4 Qf6 6. e5 Qe6 7. Be3 Bb4+ 8.
Nc3 Ba5 9. d5 Bxc3+ 10. bxc3 Qg6 11. dxc6 Qxc6 12. Qb3 d6 13. exd6 cxd6 14. Be2
Nf6 15. O-O Ne4 16. Bb5 Be6 17. Bxc6+ bxc6 18. Qb7 O-O 19. Qxc6 f5 20. Nd4 Rac8
21. Qa6 Bc4 22. Qa3 Bxf1 23. Rxf1 Nxc3 24. Rc1 Nd5 25. Rxc8 Rxc8 26. Qxa7 Nxe3
27. fxe3 Rc1+ 28. Kf2 g6 29. Ne6 Rc3 30. Qg7# {Black checkmated} 1-0

[Event "FICS rated standard game"]
[Site "FICS freechess.org"]
[Date "2018.01.28"]
[Round "?"]
[White "Nidifugous"]
[Black "TraderJoe"]
[Result "1-0"]
[WhiteElo "1520"]
[BlackElo "1692"]
[PlyCount "43"]
[EventDate "2018.??.??"]

1. e4 e5 2. Nf3 Nc6 3. c3 Bc5 4. b4 Bb6 5. a4 a6 6. b5 axb5 7. Bxb5 Na7 8. Bb2
c6 9. Bc4 d6 10. Qb3 Qf6 11. Qxb6 Be6 12. Qxb7 Qd8 13. Bxe6 fxe6 14. Qxg7 Qf6
15. Qb7 Qd8 16. Qg7 Qb6 17. Ba3 O-O-O 18. Qxh8 Nh6 19. Qxh7 Ng4 20. O-O Rd7 21.
Qg8+ Kc7 22. Qxe6 {Black resigns} 1-0

[Event "FICS rated blitz game"]
[Site "FICS freechess.org"]
[Date "2018.01.28"]
[Round "?"]
[White "proximab"]
[Black "Akshaykumar"]
[Result "1-0"]
[WhiteElo "2075"]
[BlackElo "1326"]
[PlyCount "63"]
[EventDate "2018.??.??"]
[EventType "blitz"]

1. e4 e5 2. Nf3 Nc6 3. c3 Bd6 4. Bc4 a6 5. d3 h6 6. Qb3 Qe7 7. h3 Nf6 8. Be3
O-O 9. O-O Na5 10. Qa4 Nc6 11. a3 b5 12. Bxb5 Bb7 13. Bc4 Nd8 14. Nh4 Bc6 15.
Qd1 Rb8 16. Ng6 Qe8 17. Nxf8 Qxf8 18. Ra2 Be7 19. Bxa6 d5 20. exd5 Bxd5 21. c4
Ra8 22. cxd5 Rxa6 23. Nc3 c6 24. d4 Bd6 25. Qd3 Rb6 26. dxe5 Bxe5 27. Bxb6 cxd5
28. Nxd5 Ne6 29. Nxf6+ Bxf6 30. b4 Qb8 31. Be3 Be5 32. b5 1-0

[Event "FICS rated blitz game"]
[Site "FICS freechess.org"]
[Date "2018.01.28"]
[Round "?"]
[White "jsssstplayinn"]
[Black "Josemarine"]
[Result "1-0"]
[WhiteElo "1590"]
[BlackElo "1492"]
[PlyCount "115"]
[EventDate "2018.??.??"]
[EventType "blitz"]

1. e4 e5 2. Nf3 Nc6 3. c3 Nf6 4. d4 exd4 5. e5 Ng4 6. cxd4 d6 7. h3 Nh6 8. Bb5
dxe5 9. Nxe5 Bd7 10. Nxd7 Qxd7 11. O-O O-O-O 12. d5 Qxd5 13. Qxd5 Rxd5 14. Bxc6
bxc6 15. Nc3 Rd6 16. Bf4 Re6 17. Be3 Kb7 18. a4 Nf5 19. Bf4 Bd6 20. Bxd6 Nxd6
21. b4 Rhe8 22. b5 cxb5 23. axb5 Kb6 24. Rab1 Re5 25. Na4+ Ka5 26. Nc3 Nxb5 27.
Ra1+ Kb6 28. Rfb1 Rb8 29. Na4+ Kc6 30. Rc1+ Kd7 31. Nc5+ Kc8 32. Rab1 Nd4 33.
Rxb8+ Kxb8 34. Nd7+ Kc8 35. Nxe5 Ne2+ 36. Kf1 Nxc1 37. Nxf7 a5 38. Ke1 a4 39.
Kd1 Nb3 40. Kc2 Nd4+ 41. Kb2 c5 42. Ka3 c4 43. Nd6+ Kc7 44. Nxc4 Kc6 45. Kxa4
Kc5 46. Ne5 Kd5 47. Ng4 Ne2 48. Kb4 Nf4 49. Ne3+ Ke4 50. Kc3 Nd3 51. Ng4 Kf4
52. Kxd3 h5 53. Ne3 g5 54. Ke2 g4 55. hxg4 hxg4 56. g3+ Kg5 57. Kd3 Kh5 58. Ke4
1-0

[Event "FICS rated blitz game"]
[Site "FICS freechess.org"]
[Date "2018.01.28"]
[Round "?"]
[White "fabiuscu"]
[Black "derhans"]
[Result "1-0"]
[WhiteElo "1037"]
[BlackElo "1187"]
[PlyCount "53"]
[EventDate "2018.??.??"]
[EventType "blitz"]

1. e4 e5 2. Nf3 Nc6 3. c3 Nf6 4. d3 Be7 5. h3 O-O 6. g4 d6 7. Be3 d5 8. Nbd2
dxe4 9. Nxe4 Nxe4 10. dxe4 Be6 11. Qxd8 Rfxd8 12. b3 b6 13. Bb5 Nb8 14. O-O a6
15. Bc4 b5 16. Be2 Nc6 17. Rfd1 Rxd1+ 18. Rxd1 h6 19. g5 Bxg5 20. Bxg5 hxg5 21.
Nxg5 f6 22. Nxe6 Kf7 23. Nxc7 Rh8 24. Kg2 Ne7 25. Nxa6 Ng6 26. Rd7+ Ke6 27.
Nc5# {Black checkmated} 1-0

[Event "FICS rated blitz game"]
[Site "FICS freechess.org"]
[Date "2018.01.28"]
[Round "?"]
[White "fusjstone"]
[Black "Littlebearpanda"]
[Result "1/2-1/2"]
[WhiteElo "1646"]
[BlackElo "1536"]
[PlyCount "117"]
[EventDate "2018.??.??"]
[EventType "blitz"]

1. e4 e5 2. Nf3 Nc6 3. c3 Nf6 4. Bd3 d5 5. exd5 Qxd5 6. Bc2 e4 7. Bb3 Qh5 8.
Ng1 Qxd1+ 9. Kxd1 Bc5 10. f3 exf3 11. Nxf3 Bg4 12. d4 Be7 13. Re1 Rd8 14. Nbd2
O-O 15. h3 Bxf3+ 16. Nxf3 Rfe8 17. Kc2 h6 18. Bf4 Bd6 19. Bxd6 cxd6 20. g4 Kf8
21. Nd2 Rxe1 22. Rxe1 Re8 23. Rxe8+ Kxe8 24. Nc4 Ke7 25. Ne3 g6 26. a3 b6 27.
Ba4 Nd8 28. Bb3 Ne6 29. Bxe6 Kxe6 30. Kd3 Nd5 31. Ke4 Nxe3 32. Kxe3 b5 33. b3
d5 34. Kf4 g5+ 35. Ke3 f5 36. Kf3 f4 37. a4 a6 38. axb5 axb5 39. Ke2 Kd6 40.
Kf3 Kc6 41. Ke2 b4 42. cxb4 Kb5 43. Kd3 Kxb4 44. Ke2 Kxb3 45. Kf3 Kc4 46. h4
Kxd4 47. hxg5 hxg5 48. Kf2 Ke4 49. Ke2 d4 50. Kf2 d3 51. Ke1 Kf3 52. Kd2 Kxg4
53. Kxd3 Kg3 54. Ke4 f3 55. Kf5 g4 56. Kg5 f2 57. Kh5 f1=Q 58. Kg5 Qf4+ 59. Kg6
1/2-1/2

[Event "FICS rated blitz game"]
[Site "FICS freechess.org"]
[Date "2018.01.28"]
[Round "?"]
[White "gunilla"]
[Black "callam"]
[Result "1-0"]
[WhiteElo "1194"]
[BlackElo "1323"]
[PlyCount "81"]
[EventDate "2018.??.??"]
[EventType "blitz"]

1. e4 e5 2. Nf3 Nc6 3. c3 Nf6 4. Qe2 Bc5 5. d4 exd4 6. cxd4 Bb4+ 7. Bd2 Bxd2+
8. Nbxd2 O-O 9. Qd3 h6 10. Be2 d5 11. e5 Nh7 12. O-O Be6 13. a3 a6 14. Qc3 Ne7
15. Bd3 Bf5 16. Nb3 Bxd3 17. Qxd3 b6 18. Nh4 Ng5 19. f4 Ne4 20. f5 c6 21. Nd2
Nxd2 22. Qxd2 Kh8 23. f6 Ng6 24. fxg7+ Kxg7 25. Nxg6 fxg6 26. Rxf8 Qxf8 27. Qe3
Qe7 28. e6 Rf8 29. Re1 Rf5 30. h3 h5 31. Qg3 Kh6 32. h4 Rf6 33. Qe3+ Kg7 34.
Qe5 Kf8 35. Qb8+ Kg7 36. Qxb6 Rxe6 37. Rxe6 Qxe6 38. Qc7+ Kf6 39. Qf4+ Kg7 40.
Qe5+ Kh7 41. Qxe6 {Black resigns} 1-0

[Event "FICS rated blitz game"]
[Site "FICS freechess.org"]
[Date "2018.01.28"]
[Round "?"]
[White "jsssstplayinn"]
[Black "artack"]
[Result "1-0"]
[WhiteElo "1621"]
[BlackElo "1551"]
[PlyCount "59"]
[EventDate "2018.??.??"]
[EventType "blitz"]

1. e4 e5 2. Nf3 Nc6 3. c3 Bc5 4. Bb5 Nf6 5. d3 O-O 6. Bg5 Be7 7. Bxf6 Bxf6 8.
O-O d6 9. Nbd2 Bg4 10. h3 Bh5 11. d4 exd4 12. Bxc6 dxc3 13. Bxb7 Rb8 14. bxc3
Rxb7 15. Rc1 Rb2 16. a4 Qb8 17. Nc4 Rb7 18. Ne3 Re8 19. Nd5 Be5 20. g4 Bg6 21.
Nxe5 Rxe5 22. f3 c6 23. Nf4 d5 24. exd5 cxd5 25. Nxd5 Qd8 26. c4 Rb8 27. Qd4
Re2 28. Qxa7 Rbb2 29. Nf4 Red2 30. Rcd1 1-0

[Event "FICS rated blitz game"]
[Site "FICS freechess.org"]
[Date "2018.01.28"]
[Round "?"]
[White "jsssstplayinn"]
[Black "jacab"]
[Result "1/2-1/2"]
[WhiteElo "1627"]
[BlackElo "1555"]
[PlyCount "141"]
[EventDate "2018.??.??"]
[EventType "blitz"]

1. e4 e5 2. Nf3 Nc6 3. c3 Nf6 4. d4 Nxe4 5. d5 Ne7 6. Nxe5 Ng6 7. Nxg6 hxg6 8.
Be2 Bc5 9. O-O Nxf2 10. Rxf2 Qf6 11. Qf1 Qxf2+ 12. Qxf2 Bxf2+ 13. Kxf2 Rxh2 14.
Bf4 Rh1 15. Bxc7 d6 16. Bxd6 Bf5 17. Bb5+ Kd8 18. Bf1 Kd7 19. Bf4 a6 20. Nd2
Bd3 21. Rd1 Bxf1 22. Nxf1 Re8 23. Bh2 Rh8 24. g3 R1xh2+ 25. Nxh2 Rxh2+ 26. Kf3
Rxb2 27. Rc1 Rxa2 28. c4 Ra3+ 29. Kg2 Rd3 30. Kf2 b6 31. g4 f6 32. Ke2 Rd4 33.
Kf3 f5 34. gxf5 gxf5 35. Ke3 Re4+ 36. Kf3 g5 37. c5 bxc5 38. Rxc5 Kd6 39. Ra5
Re5 40. Rxa6+ Kxd5 41. Ra5+ Ke6 42. Ra6+ Ke7 43. Ra7+ Kf6 44. Ra6+ Re6 45. Ra5
f4 46. Kg4 Kg6 47. Rxg5+ Kf6 48. Rf5+ Kg6 49. Rxf4 Rf6 50. Rb4 Rd6 51. Kf4 Re6
52. Rb5 Rd6 53. Rg5+ Kf6 54. Rf5+ Kg6 55. Rg5+ Kf6 56. Ra5 Kg6 57. Ke5 Rc6 58.
Kd5 Rb6 59. Kc5 Rf6 60. Kd5 Rf5+ 61. Kc4 Rxa5 62. Kb4 Ra6 63. Kb5 Ra8 64. Kb6
Rg8 65. Kb7 Kf6 66. Kc6 Ke6 67. Kc5 Rd8 68. Kc4 Ke5 69. Kc5 Rc8+ 70. Kb6 Kd6
71. Kb7 1/2-1/2

[Event "FICS rated blitz game"]
[Site "FICS freechess.org"]
[Date "2018.01.28"]
[Round "?"]
[White "fabiuscu"]
[Black "aguisou"]
[Result "0-1"]
[WhiteElo "1051"]
[BlackElo "1161"]
[PlyCount "96"]
[EventDate "2018.??.??"]
[EventType "blitz"]

1. e4 e5 2. Nf3 Nc6 3. c3 Nf6 4. d3 Bc5 5. b4 Bb6 6. a4 a6 7. a5 Ba7 8. h3 O-O
9. g4 d6 10. Be3 Bxe3 11. fxe3 b6 12. g5 Nh5 13. h4 bxa5 14. bxa5 Bg4 15. Bg2
Ng3 16. Rg1 Rb8 17. Nbd2 Rb5 18. Kf2 Nh5 19. c4 Rxa5 20. Rxa5 Nxa5 21. Nb3 Nxb3
22. Qxb3 f6 23. c5+ Kh8 24. c6 fxg5 25. Rb1 gxh4 26. Qb7 h3 27. Bh1 Qh4+ 28.
Ke2 Ng3+ 29. Kd2 Bxf3 30. Bxf3 h2 31. Qb8 Qf6 32. Qxf8+ Qxf8 33. Bg2 Qf2+ 34.
Kc3 h6 35. Bh1 Qxe3 36. Rb7 Qd4+ 37. Kd2 Nf1+ 38. Kc2 Ne3+ 39. Kd2 Ng4 40. Rxc7
Qb2+ 41. Ke1 Qb1+ 42. Ke2 Qb2+ 43. Kf3 Qb6 44. Rc8+ Kh7 45. Kxg4 Qg1+ 46. Kh3
Qxh1 47. Rd8 Qg1 48. c7 h1=Q# {White checkmated} 0-1

[Event "FICS rated blitz game"]
[Site "FICS freechess.org"]
[Date "2018.01.28"]
[Round "?"]
[White "capricornus"]
[Black "cstevep"]
[Result "1-0"]
[WhiteElo "1268"]
[BlackElo "1198"]
[PlyCount "51"]
[EventDate "2018.??.??"]
[EventType "blitz"]

1. e4 e5 2. Nf3 Nc6 3. c3 Nf6 4. d3 Bc5 5. b4 Bb6 6. Be2 a6 7. a4 Ng4 8. O-O h5
9. Nbd2 d6 10. Bb2 Bd7 11. b5 Na5 12. c4 Qe7 13. d4 exd4 14. Bxd4 Bxd4 15. Nxd4
O-O-O 16. bxa6 bxa6 17. N2b3 Nc6 18. Nxc6 Bxc6 19. Bf3 Qh4 20. h3 Bb7 21. Na5
c6 22. Nxb7 Kxb7 23. Rb1+ Ka7 24. Qd4+ Ka8 25. Qb6 Rb8 26. Qxa6# {Black
checkmated} 1-0

[Event "FICS rated blitz game"]
[Site "FICS freechess.org"]
[Date "2018.01.28"]
[Round "?"]
[White "capricornus"]
[Black "arkascha"]
[Result "1-0"]
[WhiteElo "1313"]
[BlackElo "1291"]
[PlyCount "77"]
[EventDate "2018.??.??"]
[EventType "blitz"]

1. e4 e5 2. Nf3 Nc6 3. c3 Bc5 4. b4 Bb6 5. d3 h6 6. Be2 a6 7. a4 d6 8. Bb2 Bg4
9. Nbd2 Nf6 10. O-O Bh5 11. b5 Ne7 12. d4 Ng6 13. dxe5 dxe5 14. c4 O-O 15. Bxe5
Bxf3 16. Bxf6 Qxf6 17. Bxf3 Nf4 18. Rc1 Rad8 19. Qb3 Qg6 20. c5 Ba7 21. Nc4
axb5 22. axb5 Bxc5 23. Ne3 Bb6 24. Nd5 Nxd5 25. exd5 Rd6 26. g3 h5 27. Bg2 f5
28. Qd3 Qg5 29. Rce1 h4 30. Re5 hxg3 31. hxg3 g6 32. Re6 Rfd8 33. Rfe1 Kf8 34.
Qc3 Qh6 35. Qf6+ Kg8 36. Qe5 Qf8 37. Qf4 Qg7 38. Qg5 Kh7 39. Re7 {Black resigns
} 1-0

[Event "FICS rated blitz game"]
[Site "FICS freechess.org"]
[Date "2018.01.28"]
[Round "?"]
[White "morts"]
[Black "hanty"]
[Result "1-0"]
[WhiteElo "1183"]
[BlackElo "1175"]
[PlyCount "103"]
[EventDate "2018.??.??"]
[EventType "blitz"]

1. e4 e5 2. Nf3 Nc6 3. c3 d6 4. d4 exd4 5. cxd4 Bg4 6. Be2 Nf6 7. Nc3 d5 8. e5
Nd7 9. O-O Bb4 10. Nxd5 O-O 11. Nxb4 Nxb4 12. Qb3 a5 13. a3 Nc6 14. h3 Bxf3 15.
Bxf3 Nxd4 16. Qe3 Nc2 17. Qf4 Nxa1 18. Qg4 Nb3 19. Bh6 g6 20. e6 Nf6 21. Qf4
Re8 22. exf7+ Kxf7 23. Qc4+ Re6 24. Qxb3 Rb8 25. Bg5 Qd7 26. Bxf6 Kxf6 27. Qc3+
Ke7 28. Bg4 Qc6 29. Qg7+ Kd6 30. Rd1+ Kc5 31. Qc3+ Kb6 32. Qb3+ Ka7 33. Bxe6
Re8 34. Bd5 Qb6 35. Qa4 Re5 36. Bf3 c6 37. Rf1 Rb5 38. b4 Kb8 39. Be2 Re5 40.
Bf3 h6 41. bxa5 Rxa5 42. Qf4+ Ka7 43. Qxh6 Rxa3 44. Qxg6 Ra5 45. h4 Qc7 46. h5
Re5 47. h6 Qd7 48. Ra1+ Kb8 49. Qg8+ Re8 50. Qg6 Re6 51. Qh5 Qd4 52. Rf1 1-0

[Event "FICS rated blitz game"]
[Site "FICS freechess.org"]
[Date "2018.01.28"]
[Round "?"]
[White "capricornus"]
[Black "cstevep"]
[Result "1-0"]
[WhiteElo "1264"]
[BlackElo "1202"]
[PlyCount "57"]
[EventDate "2018.??.??"]
[EventType "blitz"]

1. e4 e5 2. Nf3 Nc6 3. c3 Nf6 4. d3 Bc5 5. b4 Bb6 6. Be2 Ng4 7. O-O h5 8. a4 a6
9. b5 axb5 10. Bb2 d6 11. axb5 Rxa1 12. Bxa1 Na5 13. Nbd2 Nf6 14. d4 exd4 15.
cxd4 d5 16. e5 Ng4 17. Bc3 Nc4 18. Bxc4 dxc4 19. Nxc4 Be6 20. Nxb6 cxb6 21. Re1
Bd5 22. Bb4 Bxf3 23. Qxf3 Qxd4 24. Bc3 Qd8 25. h3 Qh4 26. Re4 f6 27. exf6+ Kf7
28. fxg7+ Kg6 29. gxh8=Q {Black resigns} 1-0

[Event "FICS rated blitz game"]
[Site "FICS freechess.org"]
[Date "2018.01.28"]
[Round "?"]
[White "fusjstone"]
[Black "emmanuelde"]
[Result "0-1"]
[WhiteElo "1636"]
[BlackElo "1621"]
[PlyCount "102"]
[EventDate "2018.??.??"]
[EventType "blitz"]

1. e4 e5 2. Nf3 Nc6 3. c3 Bc5 4. d4 exd4 5. cxd4 Bb6 6. d5 Nce7 7. Nc3 d6 8.
Bd3 Nf6 9. O-O Bg4 10. Re1 Qd7 11. Bg5 O-O-O 12. Rc1 Rde8 13. Bb5 c6 14. dxc6
bxc6 15. Bxf6 gxf6 16. Na4 Ba5 17. Bxc6 Nxc6 18. Rxc6+ Qxc6 19. Re3 Kd7 20. h3
Bxf3 21. gxf3 Rhg8+ 22. Kh1 Bb6 23. Rc3 Qb7 24. Qb3 Ke7 25. Qb5 Rc8 26. Kh2
Rxc3 27. Nxc3 Qd7 28. Nd5+ Kd8 29. Qxd7+ Kxd7 30. Nxf6+ Ke6 31. Nxg8 Bxf2 32.
Kg2 Be3 33. b3 f6 34. Nh6 Bxh6 35. h4 Bf8 36. Kg3 a5 37. Kg4 d5 38. a4 dxe4 39.
fxe4 Bd6 40. h5 Ke5 41. Kf3 Kd4 42. h6 Be5 43. Kg4 Kc3 44. Kf5 Kxb3 45. Ke6
Kxa4 46. Kf7 Kb4 47. Kg7 a4 48. Kxh7 a3 49. Kg6 a2 50. h7 f5 51. h8=Q a1=Q 0-1

[Event "FICS rated blitz game"]
[Site "FICS freechess.org"]
[Date "2018.01.28"]
[Round "?"]
[White "dreamscometrue"]
[Black "DenisTrianta"]
[Result "1-0"]
[WhiteElo "1370"]
[BlackElo "1272"]
[PlyCount "101"]
[EventDate "2018.??.??"]
[EventType "blitz"]

1. e4 e5 2. Nf3 Nc6 3. c3 d6 4. Bc4 Be7 5. h3 Nf6 6. d3 O-O 7. Nbd2 Na5 8. Bb5
a6 9. Ba4 Bd7 10. Bc2 b6 11. Nf1 Nb7 12. Ng3 Nc5 13. O-O Ne6 14. Nf5 Re8 15.
Re1 Nf8 16. Nxe7+ Qxe7 17. d4 exd4 18. cxd4 c5 19. e5 dxe5 20. dxe5 Bc6 21.
exf6 Bxf3 22. fxe7 Bxd1 23. Bxd1 Ne6 24. Bg4 Rxe7 25. Bxe6 fxe6 26. Bf4 Kf7 27.
Rad1 Rae8 28. Rd6 e5 29. Bg5 Re6 30. Rxe6 Rxe6 31. Rd1 Kg6 32. Be3 Kf5 33. Rd7
Rg6 34. a3 Ke6 35. Rb7 Kd5 36. g3 Kc4 37. Bd2 Kb3 38. Bc3 b5 39. Bxe5 b4 40.
axb4 cxb4 41. Rxg7 Rb6 42. Rxh7 Rb5 43. Bh8 a5 44. Ra7 a4 45. h4 a3 46. bxa3
bxa3 47. Kg2 a2 48. g4 Rb8 49. Bf6 Rb6 50. g5 Rb4 51. h5 {Black resigns} 1-0

[Event "FICS rated blitz game"]
[Site "FICS freechess.org"]
[Date "2018.01.28"]
[Round "?"]
[White "frankjs"]
[Black "Beerfan"]
[Result "1-0"]
[WhiteElo "1389"]
[BlackElo "1263"]
[PlyCount "89"]
[EventDate "2018.??.??"]
[EventType "blitz"]

1. e4 e5 2. Nf3 Nc6 3. c3 Bc5 4. d4 exd4 5. cxd4 Bb4+ 6. Bd2 d6 7. Bxb4 Nxb4 8.
Qa4+ Nc6 9. d5 Bd7 10. dxc6 Bxc6 11. Bb5 Qd7 12. Bxc6 bxc6 13. O-O Nf6 14. e5
Nd5 15. exd6 cxd6 16. Re1+ Ne7 17. Qe4 Rb8 18. b3 Rb7 19. Nc3 O-O 20. Rad1 d5
21. Qd3 Rb4 22. Ne5 Qd6 23. Ng4 Ng6 24. h3 d4 25. Ne4 Qd8 26. Ne3 Nf4 27. Qd2
c5 28. Nc4 a5 29. Qxf4 a4 30. Nxc5 axb3 31. axb3 Qd5 32. Qxd4 Qf5 33. Nd3 Rbb8
34. Qf4 Qg6 35. Nde5 Qc2 36. Nd7 Rxb3 37. Nxf8 Rc3 38. Nd7 h6 39. Nd6 Ra3 40.
Qxf7+ Kh7 41. Nf8+ Kh8 42. Ng6+ Kh7 43. Nf8+ Kh8 44. Nf5 Qc3 45. Ne7 1-0

[Event "FICS rated blitz game"]
[Site "FICS freechess.org"]
[Date "2018.01.28"]
[Round "?"]
[White "RavingEagle"]
[Black "bermarioit"]
[Result "1/2-1/2"]
[WhiteElo "1196"]
[BlackElo "1263"]
[PlyCount "151"]
[EventDate "2018.??.??"]
[EventType "blitz"]

1. e4 e5 2. Nf3 Nc6 3. c3 Nf6 4. Bc4 Nxe4 5. Qe2 Nd6 6. Nxe5 Nxe5 7. d4 Ndxc4
8. dxe5 d5 9. O-O Be7 10. b3 Nb6 11. Be3 O-O 12. Nd2 c6 13. Rad1 Bg5 14. Bc5
Re8 15. Nf3 Bg4 16. Qd3 Bxf3 17. Qxf3 Rxe5 18. Rfe1 Rxe1+ 19. Rxe1 Qf6 20. Qe2
h6 21. Be7 Qe6 22. Qd1 Qd7 23. Bxg5 hxg5 24. Qh5 Re8 25. Rd1 Qe6 26. h3 Qe2 27.
Qxe2 Rxe2 28. Rd4 Rxa2 29. h4 gxh4 30. Rxh4 Rc2 31. Rh3 Nd7 32. b4 Nf6 33. Rh4
Ne4 34. Kh2 Rxf2 35. c4 Ng5 36. cxd5 Nf3+ 37. Kg3 Nxh4 38. Kxf2 Nf5 39. dxc6
bxc6 40. g4 Nd6 41. Ke3 Kh7 42. Kf4 Kg6 43. Ke5 Nc4+ 44. Kd4 Nb6 45. Kc5 Kg5
46. Kxc6 Kxg4 47. Kb7 Nd5 48. b5 f5 49. Kxa7 f4 50. Kb7 f3 51. Kc6 f2 52. Kxd5
f1=Q 53. b6 Qf3+ 54. Kc5 Qe3+ 55. Kc6 Qc3+ 56. Kb7 Kf5 57. Ka8 Qc8+ 58. Ka7
Qd7+ 59. b7 g5 60. Ka8 Qxb7+ 61. Kxb7 g4 62. Kc6 g3 63. Kc5 g2 64. Kc4 g1=Q 65.
Kd3 Qe1 66. Kc2 Qe3 67. Kb2 Ke5 68. Kc2 Kd5 69. Kb2 Kc4 70. Kc2 Qf2+ 71. Kb1
Kd3 72. Ka1 Kc3 73. Kb1 Qe1+ 74. Ka2 Qe2+ 75. Ka3 Qb2+ 76. Ka4 1/2-1/2

[Event "FICS rated blitz game"]
[Site "FICS freechess.org"]
[Date "2018.01.28"]
[Round "?"]
[White "kiknit"]
[Black "Kiwrin"]
[Result "1/2-1/2"]
[WhiteElo "1445"]
[BlackElo "1548"]
[PlyCount "85"]
[EventDate "2018.??.??"]
[EventType "blitz"]

1. e4 e5 2. Nf3 Nc6 3. c3 Bc5 4. Bc4 d6 5. d4 exd4 6. cxd4 Bb6 7. Nc3 Nge7 8.
Bg5 O-O 9. e5 dxe5 10. Nxe5 Nxe5 11. dxe5 Qxd1+ 12. Rxd1 Nc6 13. Bd5 Nxe5 14.
Ne4 h6 15. Bf4 Ng6 16. Bd2 c6 17. Bb3 Re8 18. f3 Be6 19. Bxe6 Rxe6 20. Bc3 f5
21. Rd7 fxe4 22. Rxg7+ Kf8 23. fxe4 Ne5 24. Rxb7 Rd8 25. Rf1+ Ke8 26. Rff7 Rd7
27. Rfxd7 Nxd7 28. e5 Nxe5 29. Rb8+ Kf7 30. Rb7+ Kg6 31. Ke2 Nf7+ 32. Kf3 c5
33. h4 h5 34. g4 hxg4+ 35. Kxg4 Re4+ 36. Kf3 Rxh4 37. a4 Rh7 38. a5 Bxa5 39.
Bxa5 Ng5+ 40. Kg4 Rxb7 41. b4 cxb4 42. Kf4 b3 43. Ke3 1/2-1/2

[Event "FICS rated blitz game"]
[Site "FICS freechess.org"]
[Date "2018.01.28"]
[Round "?"]
[White "Feestt"]
[Black "zadox"]
[Result "1-0"]
[WhiteElo "1187"]
[BlackElo "1175"]
[PlyCount "55"]
[EventDate "2018.??.??"]
[EventType "blitz"]

1. e4 e5 2. Nf3 Nc6 3. c3 a6 4. d4 exd4 5. cxd4 g6 6. Bc4 Bg7 7. O-O d6 8. Re1
Nge7 9. d5 Ne5 10. Nxe5 Bxe5 11. Nd2 O-O 12. Nf3 Bg7 13. Rb1 c6 14. dxc6 Nxc6
15. Ng5 Ne5 16. Bb3 Bh6 17. Nf3 Nxf3+ 18. Qxf3 Bxc1 19. Rbxc1 Be6 20. Rcd1 Bxb3
21. Qxb3 b5 22. e5 Re8 23. e6 fxe6 24. Rxe6 Rxe6 25. Qxe6+ Kg7 26. Rxd6 Qe8 27.
Rd7+ Kh8 28. Qf6+ {Black resigns} 1-0

[Event "FICS rated blitz game"]
[Site "FICS freechess.org"]
[Date "2018.01.28"]
[Round "?"]
[White "fusjstone"]
[Black "EricHans"]
[Result "1-0"]
[WhiteElo "1621"]
[BlackElo "1610"]
[PlyCount "47"]
[EventDate "2018.??.??"]
[EventType "blitz"]

1. e4 e5 2. Nf3 Nc6 3. c3 d6 4. d4 Be7 5. d5 Nb8 6. Be2 Nd7 7. O-O Ngf6 8. Qc2
O-O 9. Bg5 Nc5 10. Nbd2 a6 11. a3 b5 12. b4 Nb7 13. c4 bxc4 14. Nxc4 Bd7 15.
Rac1 Rc8 16. Ne3 h6 17. Bxf6 Bxf6 18. Bxa6 Bg5 19. Bxb7 Rb8 20. Bc6 Bxe3 21.
fxe3 Bg4 22. b5 Rb6 23. a4 Qb8 24. a5 {Black resigns} 1-0

[Event "FICS rated blitz game"]
[Site "FICS freechess.org"]
[Date "2018.01.28"]
[Round "?"]
[White "BiH"]
[Black "VPolevikov"]
[Result "0-1"]
[WhiteElo "1626"]
[BlackElo "1612"]
[PlyCount "108"]
[EventDate "2018.??.??"]
[EventType "blitz"]

1. e4 e5 2. Nf3 Nc6 3. c3 g6 4. d4 exd4 5. cxd4 d6 6. Bg5 f6 7. Be3 Bg7 8. Nc3
Nge7 9. h3 a6 10. a3 f5 11. Bd3 fxe4 12. Bxe4 d5 13. Bd3 O-O 14. O-O h6 15. Qc2
Kh7 16. Nh4 Bf5 17. Nxf5 Nxf5 18. Bxf5 Rxf5 19. Ne2 Rf8 20. Ng3 Nxd4 21. Bxd4
Bxd4 22. Rad1 c5 23. b4 b6 24. Ne2 Qf6 25. Nxd4 cxd4 26. Rfe1 Rac8 27. Qd3 Rc4
28. Re2 Rfc8 29. Rde1 R8c7 30. Qb1 d3 31. Qxd3 Rd4 32. Qxa6 Re4 33. Qd3 Rxe2
34. Qxe2 Rf7 35. Qe3 d4 36. Qe2 d3 37. Qe3 Rd7 38. Rd1 Qc3 39. Rd2 Qc1+ 40. Kh2
Qc3 41. Qe6 Rg7 42. Qe3 Rd7 43. f4 Qxa3 44. Qe6 Rg7 45. Qxb6 Qc3 46. Qe3 Rd7
47. b5 Rb7 48. b6 Qb3 49. Rxd3 Qf7 50. g3 h5 51. Rd6 Qa2+ 52. Kg1 Qb1+ 53. Kf2
Qc2+ 54. Kf3 Rf7 0-1

[Event "FICS rated blitz game"]
[Site "FICS freechess.org"]
[Date "2018.01.28"]
[Round "?"]
[White "admnoite"]
[Black "fabttt"]
[Result "0-1"]
[WhiteElo "1464"]
[BlackElo "1550"]
[PlyCount "80"]
[EventDate "2018.??.??"]
[EventType "blitz"]

1. e4 e5 2. Nf3 Nc6 3. c3 Bc5 4. b4 Bb6 5. b5 Nce7 6. Nxe5 d6 7. Nc4 Bc5 8. d4
Bb6 9. a4 a6 10. Nxb6 cxb6 11. bxa6 bxa6 12. d5 Nf6 13. Qf3 Bg4 14. Qf4 Ng6 15.
Qg5 O-O 16. f3 h6 17. Qe3 Bd7 18. h4 Re8 19. h5 Ne5 20. Qf2 b5 21. a5 Nc4 22.
Bxc4 bxc4 23. Qg3 Bf5 24. Bxh6 g6 25. hxg6 Bxg6 26. Bg5 Kg7 27. Nd2 Qc7 28. Qf4
Nxd5 29. Qg4 Nxc3 30. Rc1 Qxa5 31. O-O Ne2+ 32. Kf2 Nxc1 33. Rxc1 c3 34. Nc4
Qc5+ 35. Ne3 Rab8 36. f4 Rb2+ 37. Kf3 Bxe4+ 38. Kg3 Qxe3+ 39. Kh4 Bg6 40. f5
Rh8+ 0-1

[Event "FICS rated standard game"]
[Site "FICS freechess.org"]
[Date "2018.01.28"]
[Round "?"]
[White "intihuantana"]
[Black "Matemax"]
[Result "1-0"]
[WhiteElo "2057"]
[BlackElo "1987"]
[PlyCount "59"]
[EventDate "2018.??.??"]

1. e4 e5 2. Nf3 Nc6 3. c3 Nf6 4. d4 exd4 5. e5 Nd5 6. cxd4 Bb4+ 7. Bd2 Bxd2+ 8.
Nbxd2 O-O 9. Qb3 Nce7 10. Bc4 c6 11. O-O b5 12. Bd3 a5 13. Ne4 a4 14. Qd1 Nf4
15. Bc2 Ned5 16. g3 Ne6 17. Rc1 Ba6 18. Re1 Qb6 19. h4 f6 20. Nc5 Nxc5 21. dxc5
Qc7 22. Qd3 g6 23. Qd2 fxe5 24. Nxe5 Rae8 25. f4 Rf6 26. Be4 Rxe5 27. fxe5 Qxe5
28. Bxd5+ Qxd5 29. Qxd5+ cxd5 30. Re7 {Black resigns} 1-0